Vznik a zánik podnikov a ich vplyv na zamestnanosť v EÚ v rokoch 2008-2012

Relatívne zmeny zamestnanosti a počtu aktívnych podnikov v dôsledku vzniku a zániku podnikov v krajinách Európskej únie v rokoch 2008 až 2012. Porovnanie zmien počtu aktívnych podnikov a zmien zamestnanosti v dôsledku vzniku a zániku podnikov v EÚ v sledovanom období. Prežitie novovzniknutých podnik...

ver descrição completa

Na minha lista:
Detalhes bibliográficos
Autor principal: Šoltés, Erik, 1974-
Outros Autores: Šoltésová, Tatiana, 1975-
Formato: Capítulo de Livro
Idioma:eslovaco
Assuntos:
Tags: Adicionar Tag
Sem tags, seja o primeiro a adicionar uma tag!

MARC

LEADER 00000naa$a2200000$$$4500
001 0197906
005 20240502073337.0
041 0 |a slo 
044 |a SK 
245 1 0 |a Vznik a zánik podnikov a ich vplyv na zamestnanosť v EÚ v rokoch 2008-2012  |c Erik Šoltés, Tatiana Šoltésová 
520 |a Relatívne zmeny zamestnanosti a počtu aktívnych podnikov v dôsledku vzniku a zániku podnikov v krajinách Európskej únie v rokoch 2008 až 2012. Porovnanie zmien počtu aktívnych podnikov a zmien zamestnanosti v dôsledku vzniku a zániku podnikov v EÚ v sledovanom období. Prežitie novovzniknutých podnikov vo vybraných krajinách EÚ v sledovanom období a ich vplyv na zamestnanosť. 
610 2 0 |a zamestnanosť 
610 2 0 |a podnik 
610 2 0 |a založenie podniku 
610 2 0 |a zrušenie podniku 
610 2 0 |a porovnanie medzinárodné 
610 2 0 |a štatistika 
610 2 0 |a Európska únia 
100 1 |a Šoltés, Erik, 1974- 
700 1 |a Šoltésová, Tatiana, 1975-